| 000 | 00000nam##2200000za#4500 |
| 001 | 9.570149 |
| 003 | CaOODSP |
| 005 | 20210624182113 |
| 007 | cr ||||||||||| |
| 008 | 150406|1991||||xxc|||||o f|0| 0 eng|d |
| 040 | |aCaOODSP|beng |
| 043 | |an-cn--- |
| 086 | 1 |aNM95-57/6-5-1991E-PDF |
| 110 | 1 |aCanada.|bCanadian Heritage. |bCanadian Conservation Institute. |
| 245 | 10|aCare of quillwork |h[electronic resource] |
| 250 | |aRevised March 1991 |
| 260 | |aOttawa - Ontario : |bCanadian Heritage. |cSeptember 1983, c1988. |
| 300 | |a3p. |
| 490 | 1 |aCCI Notes |v6/5 |
| 500 | |aThe catalogue number (NM95-57/6-5-1988E) and ISSN (0714-6221) copied in this electronic publication are incorrect. |
| 504 | |aBibliography. |
| 590 | |a11-20-Supp|b2011-09-29 |
| 775 | 08|tLe soin des objets ornés de piquants de porc-épic |w(CaOODSP)9.600915 |
| 830 | #0|aCCI notes ;|v6/5|w(CaOODSP)9.506353 |
| 856 | 40|ahttp://publications.gc.ca|qPDF|s858 KB|uhttps://publications.gc.ca/collections/collection_2011/pc-ch/NM95-57-6-5-1991-eng.pdf|y6/5 |